| 000 | 00895cam a2200241 4500 | ||
|---|---|---|---|
| 008 | 000000n2001 000 0 eng u | ||
| 020 | _a0117535567 | ||
| 035 | _a(Sirsi) u110462 | ||
| 110 |
_aUnited Kingdom _bDepartment of the Environment, Transport and the Regions _93507 |
||
| 245 | _aArrangements for handling heritage applications : notification and directions by the Secretary of State. | ||
| 260 |
_aLondon _bStationery Office _c2001 |
||
| 300 | _a30p. ; 30cm. | ||
| 350 | _a8.00 | ||
| 490 |
_aDETR Circular _v01/2001 |
||
| 520 | _aNotifications and directions come into force on 19 February 2001. Revokes Environment Circular 14/97 (Culture, Media and Sport Circular 1/97). | ||
| 650 | _aPPG15 | ||
| 650 | _aLISTED BUILDINGS | ||
| 650 | _aCIRCULARS | ||
| 650 | _aHISTORIC BUILDINGS | ||
| 650 | _aENGLISH HERITAGE | ||
| 690 |
_aPlanning and development _96259 |
||
| 942 | _n0 | ||
| 999 |
_c101101 _d101101 |
||